Dragon Ball Super Quiz *New* - Statistics

General Stats
  • This quiz has been taken 1,087 times
  • The average score is 11 of 15
Answer Stats
Question Answer % Correct
4 Who requested for the Tournament of Power to happen? Goku
93%
8 Who is the strongest in Universe 11? Jiren
92%
1 Who was the candidate to be a God of destruction in universe 11? Toppo
89%
3 Who in universe 7 was knocked out First in the Tournament of power? Krillin
87%
5 Who killed Zamasu for good? Zeno
85%
12 Is the 2nd Zeno from the past or future? Future
83%
6 Who is the angel of Universe 6? Vados
83%
7 Who is the leader of Universe 7s team in the Tournament of Power? Gohan
78%
11 Which universe was erased first during the Tournament of Power? 9
76%
9 Which attack did Goku use on Jiren before getting ultra instinct? Spirit bomb
71%
10 Who is the fastest in Universe 11? Dyspo
65%
2 In which episode did Goku first attain ultra instinct? 110
64%
14 Who made the fighting stage for the Tournament of Power? Grand Priest
57%
13 How long is the Tournament of Power? 48
51%
15 And finally, who died during the Tournament of Power? 17
20%
No matching quizzes found
Score Distribution
Percent of People with Each Score
Percentile by Number Answered
Your Score History
You have not taken this quiz